ظبط التقويم الفبطى

محفوظ في:

المؤلف الرئيسي: نجيب بولس.

التنسيق: كتاب

اللغة: Undetermined

منشور في: Cairo IFAO 1947

الوسوم: إضافة وسم

لا توجد وسوم, كن أول من يضع وسما على هذه التسجيلة!

رقم الطلب: H20 POLE

LEADER 00324nam a2200121Ia 4500
008 240404s9999||||xx |||||||||||||| ||und||
050 4 |a H20 POLE 
100 1 |a نجيب بولس. 
245 1 0 |a ظبط التقويم الفبطى  |c نجيب بولس 
264 1 |a Cairo  |b IFAO  |c 1947 
300 |a 159-186  |c 24 
942 |2 lcc  |c BK 
999 |c 57988  |d 57988